Представление документа в формате MARC21

Поле Инд. ПП Название Значение
Тип записи a
Библиографический уровень a
001 Контрольный номер cd832e3ec0784f16987b244f1e182d4b
005 Дата корректировки 20240320151056.9
040 a Служба первич. каталог. НБ ТвГУ
b Код языка каталог. rus
e Правила каталог. PSBO
041 0_ a Код языка текста rus
097 b Оператор Komarova.ES
245 10 a Заглавие Аморфно-кристаллические борсодержащие покрытия, сформированные ионно-плазменным методом
260 a Место издания Тверь
b Издательство Тверской государственный университет
504 a Библиография Библиогр.: с. 731-733 (31 назв.)
520 0_ a Аннотация Методом ионно-плазменного высокочастотного напыления (магнетронное ВЧ-осаждение в условиях ионно-плазменного ассистирования при использовании генератора газовой (аргон) плазмы «ПИНК») на поверхности высокоэнтропийного сплава CoFeCrMnNi неэквиатомного состава сформированы борсодержащие покрытия элементного состава Al – Mg – B и Al – Mg – Ti – B толщиной 3 мкм. Методами просвечивающей электронной дифракционной микроскопии установлено, что покрытия являются аморфно-кристаллическими, т.е. содержат наноразмерные 1,5-2 нм островки кристаллической фазы, расположенные в аморфной матрице. Показано, что осаждение покрытия сопровождается формированием в слое подложки (высокоэнтропийный сплав), примыкающем к покрытию, нанокристаллической структуры с размером кристаллитов 25-40 нм. На границах кристаллитов выявлены частицы борида железа состава FeB и Fe3B, что указывает на проникновение бора в подложку. Размеры частиц борида железа 5-8 нм.
653 0_ a Ключевые слова Железо
a Ключевые слова Томск, город
a Ключевые слова Ионно-плазменный метод
a Ключевые слова Высокоэнтропийный сплав
a Ключевые слова Борсодержащее покрытие
a Ключевые слова Структура
a Ключевые слова Механические и трибологические свойства
700 12 a Другие авторы Иванов Ю. Ф.
700 12 a Другие авторы Клопотов А. А.
700 12 a Другие авторы Шугуров В. В.
700 12 a Другие авторы Ажажа И. И.
700 12 a Другие авторы Петрикова Е. А.
700 12 a Другие авторы Толкачев О. С.
700 12 a Другие авторы Никоненко А. В.
773 18 w Контрольный № источника 3de2680f60bd46b1bd796c3bdd210329
t Название источника Физико-химические аспекты изучения кластеров, наноструктур и наноматериалов
d Место и дата издания Тверь : Тверской государственный университет, 2023
g Прочая информация Вып. 15. - С. 725-735
856 40 u URL http://texts.lib.tversu.ru/texts/153636t.pdf
x Примечание для ЭОР Справка РИУ 2023
x Примечание для ЭОР Реестр суммарного учета сетевых локальных документов
i Дата подключения ЭОР 20240320
901 t Тип документа a
920 a Оператор Кома
954 b Дата поступления в ОК 20240226